Účtovníctvo

Saved in:
Bibliographic Details
Main Author: Soukupová, Božena
Format: Book
Language:Slovak
Published: Bratislava Elita 1997
Subjects:
Tags: Add Tag
No Tags, Be the first to tag this record!

MARC

LEADER 00000nam a2200000 4500
001 c021688
005 20221128074215.7
020 |a 80-8044-040-9 
041 0 |a slo 
044 |a SK 
245 1 0 |a Účtovníctvo  |c Božena Soukupová 
264 1 |a Bratislava  |b Elita  |c 1997 
300 |a 156 s. 
610 2 0 |a účtovníctvo 
610 2 0 |a systémy informačné 
610 2 0 |a výsledok hospodársky 
610 2 0 |a účtovníctvo podvojné 
610 2 0 |a súvaha 
610 2 0 |a knihy účtovné 
610 2 0 |a zápisy účtovné 
610 2 0 |a majetok podnikový 
610 2 0 |a oceňovanie 
610 2 0 |a závierka účtovná 
610 2 0 |a predpisy právne 
100 1 |a Soukupová, Božena